000 01094cam a2200253 4500
001 sa 68015441
003 DLC
005 20260227112643.0
008 700413m19651966ii 000 0 eng
010 _asa 68015441
025 _aPL480:I-E-6908
040 _aDLC
_cDLC
_dDLC
050 0 0 _aTA104.P8
_bA5 1965
110 1 _aPunjab, India (State).
_bBuildings and Roads, Irrigation, Public Health Branches and Capital Project.
245 1 0 _aInterim common schedule of rates in metric units.
_cIssued by the chief engineer, P.W.D., Buildings and Roads Branch.
250 _a1st ed.
260 _aChandiragh,
_bPrinted by the Controller of Print. and Stationery, Punjab,
_c1965-66.
300 _a4 v. in 2.
_c33 cm.
500 _aCover title.
505 0 _av. 1. For works in plains.--v. 2. For works in hilly areas.--v. 3. For public works.--v. 4. Electric installation both for plains and hills.
650 0 _aEngineering
_zIndia
_zPunjab (State)
_xCosts.
650 0 _aPublic works
_zIndia
_zPunjab.
710 1 _aPunjab, India (State).
_bPublic Works Department.
_bBuildings and Roads Branch.
999 _c86454
_d86454